000 00282nam a2200133Ia 4500
008 230917s9999||||xx |||||||||||||| ||und||
020 _cRS4
040 _e193340
_aMAIN
041 _aEnglish
082 _aB N236H
100 _aNizami, Abad
245 0 _aHamare hazur
942 _cBK
999 _c53825
_d53825